| 000 | 00365cam a2200145ua 4500 | ||
|---|---|---|---|
| 041 |
_aeng _h |
||
| 082 |
_a828.09 _bHAL/SH |
||
| 100 | _aHalliday, F E . | ||
| 245 |
_aShakespeare and His Crities / _cF E Halliday. _hTextual Documents |
||
| 260 |
_a : _bGerald Duck worth & Co Ltd , _c1958. |
||
| 300 | _a337 ; . | ||
| 504 | _a | ||
| 942 | _cBK | ||
| 999 |
_c3428 _d3428 |
||